| 000 | 00675nam a22002177a 4500 | ||
|---|---|---|---|
| 999 |
_c9408 _d9408 |
||
| 003 | AR-CdUCM | ||
| 008 | 190328b ||||| |||| 00| 0 spa d | ||
| 040 |
_aMUNICIPALIDAD PROVINCIAL DEL CUSCO _cBIBLIOTECA MUNICIPAL DEL CUSCO |
||
| 082 |
_a869.56 / _bC36 |
||
| 100 |
_aCatacora Pino de Barra, Julia L _925581 |
||
| 245 | _aPoemas en azul / | ||
| 260 |
_aLima : _bEds. Continente, _c1963. |
||
| 300 |
_a132 páginas ; _c22 cm. |
||
| 500 | _aCon dedicatoria a Luis Nieto -- Donación de la familia Nieto | ||
| 505 | _aContenido : Poemas | ||
| 650 |
_aPoesía _9444 |
||
| 650 |
_aPuno _93897 |
||
| 650 |
_aPoetas peruanos _91611 |
||
| 942 |
_2ddc _cLIBROS |
||
| 945 | _admma | ||